| 000 | 01114nam a22002775a 4500 | ||
|---|---|---|---|
| 003 | OSt | ||
| 005 | 20180106103005.0 | ||
| 008 | 180106s2012 ii o gr 000 0 ara d | ||
| 020 | _a9788174368805 | ||
| 040 |
_aEG-ScBUE _bara _cEG-ScBUE |
||
| 043 | _aa-ii--- | ||
| 082 | 0 | 4 |
_a330.9540904 _bم ا ك _222 |
| 100 | 1 | _aمالك، أشوك. | |
| 245 | 1 | 0 |
_aالهند : _bروح المبادرة / _cتاليف أشوك مالك ؛ تقديم تي. إن. نينان ؛ إشراف برامود كابور. |
| 260 |
_aنيو دلهي : _bرولي بوكس : _bلستر بريس، _c2012. |
||
| 300 |
_a253 ص. : _bصور (لو.) ؛ _c28 سم. |
||
| 541 |
_aد. أحمد حمد ؛ _cإهداء ؛ |
||
| 650 | _2BUEsh | ||
| 651 | 7 |
_aالهند _xأحوال اقتصادية. _yقرن 20. _2BUEsh |
|
| 651 | 7 |
_aالهند _xسياسة اقتصادية. _yقرن 20. _2BUEsh |
|
| 651 | 7 |
_aالهند _xسياسة وحكومة. _yقرن 20. _2BUEsh |
|
| 653 |
_bGGEN _bBUSECO _bBUSBOL _cJanuary2018 |
||
| 700 | 1 |
_aنينان، تي. إن.، _eمقدم. |
|
| 700 | 1 |
_aكابور، برامود، _eمشرف. |
|
| 942 | _2ddc | ||
| 999 |
_c25871 _d25843 |
||